[Event "Chigorin Memorial 28th"]
[Site "St Petersburg"]
[Date "2021.10.28"]
[Round "6"]
[White "Kaplan, Aleksey"]
[Black "Dodonov, Ivan"]
[Result "0-1"]
[WhiteElo "1358"]
[BlackElo "1597"]
[PlyCount "118"]
[EventDate "2021.10.23"]
[EventType "swiss"]
[EventRounds "9"]
[EventCountry "RUS"]
[SourceTitle "EXT 2023"]
[Source "ChessBase"]
[SourceDate "2022.10.05"]
[SourceVersion "1"]
[SourceVersionDate "2022.10.05"]
[SourceQuality "1"]

1. e4 c5 2. Nc3 g6 3. f4 Bg7 4. Nf3 e6 5. Bc4 Ne7 6. 0-0 0-0 7. Bb3 d5 8. d3 dxe4 9. Nxe4 b6 10. Qe1 Bb7 11. Qh4 Nf5 12. Qh3 Nd7 13. Nfg5 h6 14. Nf3 Nf6 15. Nxf6+ Qxf6 16. Ne5 Qd8 17. Kh1 Qc7 18. c3 Rfd8 19. Bd2 h5 20. Rae1 Ne7 21. Bxe6 fxe6 22. Qxe6+ Kh7 23. Nf7 Re8 24. Nd6 Qc6 25. Rf2 Bc8 26. Qf7 Qxd6 27. Qxe8 Nf5 28. Qe4 Rb8 29. Qf3 Ba6 30. Rd1 Qxd3 31. Qxd3 Bxd3 32. Be1 Re8 33. Rfd2 c4 34. Bf2 Bh6 35. g3 Bg7 36. Rc1 Rd8 37. Re1 Be4+ 38. Rxe4 Rxd2 39. Bg1 Rxb2 40. a4 Bxc3 41. Rxc4 Bg7 42. Rc7 Rb1 43. Rxa7 Kh6 44. Kg2 b5 45. axb5 Rxg1+ 46. Kxg1 Bd4+ 47. Kg2 Bxa7 48. h3 Nd4 49. g4 Nxb5 50. f5 gxf5 51. gxf5 Kg5 52. Kg3 Bb8+ 53. Kg2 Kxf5 54. Kf3 Kg5 55. Kg2 Bd6 56. Kg1 Kf4 57. Kh2 Nd4 58. Kg1 Nf5 59. Kf2 h4 0-1